000 00765nam a2200253 i 4500
001 16677
003 ES-MaACL
005 20250825122335.0
007 t|
008 001024s2000 sp |||| | spa d
020 _a84-397-0567-0
080 _a821.111-31"18"
100 1 _aConrad, Joseph.
_940217
245 1 0 _aTifón /
_cJoseph Conrad ; [traducción, Rosa Regàs ; con una carta de Juan Bonilla].
250 _a1ª ed.
260 _aBarcelona :
_bMondadori,
_c2000.
300 _a159 p. ;
_c26 cm.
490 1 _aPerfiles, letra grande XL
700 1 _aRegàs, Rosa,
_d1933-2024
_9242068
700 1 _aBonilla, Juan,
_d1966-
_930179
830 0 _aPerfiles, letra grande XL
_9180018
852 _aES-MaACL
_jL-23901
999 _c16677
_d16677